F1 Season: 1951 Race Winners - Statistics

General Stats
  • This quiz has been taken 177 times
  • The average score is 7 of 9
Answer Stats
Grand Prix Winner % Correct
German Alberto Ascari
100%
Italian Alberto Ascari
100%
Swiss Juan Manuel Fangio
99%
French Juan Manuel Fangio
99%
Spanish Juan Manuel Fangio
99%
Belgian Giuseppe Farina
96%
British José Froilán Gonzälez
55%
- Luigi Fagioli
49%
Indianapolis 500 Lee Wallard
25%
No matching quizzes found
Score Distribution
Percent of People with Each Score
Percentile by Number Answered
Your Score History
You have not taken this quiz